<?xml version="1.0" encoding="UTF-8"?>
<record
    xmlns:xsi="http://www.w3.org/2001/XMLSchema-instance"
    xsi:schemaLocation="http://www.loc.gov/MARC21/slim http://www.loc.gov/standards/marcxml/schema/MARC21slim.xsd"
    xmlns="http://www.loc.gov/MARC21/slim">

  <leader>00908nam a22001937a 4500</leader>
  <datafield tag="999" ind1=" " ind2=" ">
    <subfield code="c">60858</subfield>
    <subfield code="d">60858</subfield>
  </datafield>
  <controlfield tag="005">20231110170308.0</controlfield>
  <controlfield tag="008">231110s2006    ru ||||| |||| 00| 0 rus d</controlfield>
  <datafield tag="020" ind1=" " ind2=" ">
    <subfield code="a">5902689082</subfield>
  </datafield>
  <datafield tag="041" ind1=" " ind2=" ">
    <subfield code="a">rus</subfield>
  </datafield>
  <datafield tag="080" ind1=" " ind2=" ">
    <subfield code="a">737 &#x41B;-33</subfield>
  </datafield>
  <datafield tag="100" ind1=" " ind2=" ">
    <subfield code="a">&#x41B;&#x435;&#x431;&#x435;&#x434;&#x435;&#x432; &#x412;. &#x41F;.</subfield>
    <subfield code="9">20332</subfield>
  </datafield>
  <datafield tag="245" ind1=" " ind2=" ">
    <subfield code="a">&#x41C;&#x43E;&#x43D;&#x435;&#x442;&#x43D;&#x43E;&#x435; &#x434;&#x435;&#x43B;&#x43E; &#x438; &#x43C;&#x43E;&#x43D;&#x435;&#x442;&#x43D;&#x43E;&#x435; &#x43E;&#x431;&#x440;&#x430;&#x449;&#x435;&#x43D;&#x438;&#x435; &#x413;&#x430;&#x43D;&#x434;&#x436;&#x438;&#x439;&#x441;&#x43A;&#x43E;&#x433;&#x43E; &#x44D;&#x43C;&#x438;&#x440;&#x430;&#x442;&#x430; &#x428;&#x430;&#x434;&#x434;&#x430;&#x434;&#x438;&#x434;&#x43E;&#x432; :</subfield>
    <subfield code="b">(&#x441;&#x435;&#x440;. &#x425;- &#x425;I &#x432;&#x432;.) /</subfield>
    <subfield code="c">&#x412;. &#x41F;.  &#x41B;&#x435;&#x431;&#x435;&#x434;&#x435;&#x432;, &#x414;. &#x411;. &#x41C;&#x430;&#x440;&#x43A;&#x43E;&#x432;, &#x410;.&#x410;. &#x41A;&#x43E;&#x439;&#x444;&#x43C;&#x430;&#x43D;.</subfield>
  </datafield>
  <datafield tag="264" ind1=" " ind2=" ">
    <subfield code="a">&#x41C;&#x43E;&#x441;&#x43A;&#x432;&#x430; :</subfield>
    <subfield code="b">&#x41D;&#x443;&#x43C;&#x438;&#x437;&#x43C;&#x430;&#x442;&#x438;&#x447;&#x435;&#x441;&#x43A;&#x430;&#x44F; &#x43B;&#x438;&#x442;&#x435;&#x440;&#x430;&#x442;&#x443;&#x440;&#x430;,</subfield>
    <subfield code="c">2006.</subfield>
  </datafield>
  <datafield tag="300" ind1=" " ind2=" ">
    <subfield code="a"> 136 &#x441;&#x442;&#x440;. :</subfield>
    <subfield code="b">&#x438;&#x43B;&#x43B;.;</subfield>
    <subfield code="c">24 &#x441;&#x43C;.</subfield>
  </datafield>
  <datafield tag="653" ind1=" " ind2=" ">
    <subfield code="a">&#x10DB;&#x10DD;&#x10DC;&#x10D4;&#x10E2;&#x10D0; &#x10D3;&#x10D0; &#x10DB;&#x10DD;&#x10DC;&#x10D4;&#x10E2;&#x10D4;&#x10D1;&#x10D8;&#x10E1; &#x10DB;&#x10D8;&#x10DB;&#x10DD;&#x10E5;&#x10EA;&#x10D4;&#x10D5;&#x10D0;</subfield>
  </datafield>
  <datafield tag="700" ind1=" " ind2=" ">
    <subfield code="a">&#x41C;&#x430;&#x440;&#x43A;&#x43E;&#x432;, &#x414;. &#x411;.</subfield>
    <subfield code="e">&#x10D0;&#x10D5;&#x10E2;&#x10DD;&#x10E0;&#x10D8;</subfield>
    <subfield code="9">20333</subfield>
  </datafield>
  <datafield tag="700" ind1=" " ind2=" ">
    <subfield code="a">&#x41A;&#x43E;&#x439;&#x444;&#x43C;&#x430;&#x43D;, &#x410;.&#x410;. </subfield>
    <subfield code="e">&#x10D0;&#x10D5;&#x10E2;&#x10DD;&#x10E0;&#x10D8;</subfield>
    <subfield code="9">20334</subfield>
  </datafield>
  <datafield tag="942" ind1=" " ind2=" ">
    <subfield code="2">udc</subfield>
    <subfield code="c">&#x1CAC;&#x1C98;&#x1C92;&#x1C9C;&#x1C98;</subfield>
  </datafield>
  <datafield tag="952" ind1=" " ind2=" ">
    <subfield code="0">0</subfield>
    <subfield code="1">0</subfield>
    <subfield code="2">udc</subfield>
    <subfield code="4">0</subfield>
    <subfield code="6">737_&#x41B;33</subfield>
    <subfield code="7">0</subfield>
    <subfield code="9">96960</subfield>
    <subfield code="a">CPL</subfield>
    <subfield code="b">CPL</subfield>
    <subfield code="c">GEN</subfield>
    <subfield code="d">2023-11-10</subfield>
    <subfield code="g">10.00</subfield>
    <subfield code="o">737 &#x41B;-33</subfield>
    <subfield code="p">65408</subfield>
    <subfield code="r">2023-11-10</subfield>
    <subfield code="t">65408</subfield>
    <subfield code="u">&#x10D1;&#x10E1;&#x10E3;-&#x10E1; &#x10E1;&#x10D0;&#x10DE;&#x10D0;&#x10E2;&#x10D8;&#x10DD; &#x10D3;&#x10DD;&#x10E5;&#x10E2;&#x10DD;&#x10E0;&#x10D8;&#x10E1; &#x10D2;&#x10E3;&#x10E0;&#x10D0;&#x10DB; &#x10DA;&#x10DD;&#x10E0;&#x10D7;&#x10E5;&#x10D8;&#x10E4;&#x10D0;&#x10DC;&#x10D8;&#x10EB;&#x10D8;&#x10E1; &#x10E1;&#x10D0;&#x10E9;&#x10E3;&#x10E5;&#x10D0;&#x10E0;&#x10D8;</subfield>
    <subfield code="w">2023-11-10</subfield>
    <subfield code="y">&#x1CAC;&#x1C98;&#x1C92;&#x1C9C;&#x1C98;</subfield>
    <subfield code="z">10 &#x10DA;.</subfield>
  </datafield>
</record>
